Bốn con quỉ Truyện trinh thám thế giới chọn lọc
שמור ב:
| מחבר ראשי: | |
|---|---|
| פורמט: | ספר |
| שפה: | Undetermined |
| יצא לאור: |
Hà Nội
Công an nhân dân
2000
|
| נושאים: | |
| תגים: |
הוספת תג
אין תגיות, היה/י הראשונ/ה לתייג את הרשומה!
|
| Thư viện lưu trữ: | Trung tâm Học liệu Trường Đại học Cần Thơ |
|---|
| LEADER | 00615nam a2200205Ia 4500 | ||
|---|---|---|---|
| 001 | CTU_39607 | ||
| 008 | 210402s9999 xx 000 0 und d | ||
| 020 | |b 28.500đ | ||
| 082 | |a 808.830872 | ||
| 082 | |b B162 | ||
| 100 | |a Ed McBain | ||
| 245 | 0 | |a Bốn con quỉ | |
| 245 | 0 | |b Truyện trinh thám thế giới chọn lọc | |
| 245 | 0 | |c Ed McBain, Đoàn Doãn | |
| 260 | |a Hà Nội | ||
| 260 | |b Công an nhân dân | ||
| 260 | |c 2000 | ||
| 650 | |a detective and mystery stories | ||
| 904 | |i Nguyễn Quang Điền, 001127 | ||
| 980 | |a Trung tâm Học liệu Trường Đại học Cần Thơ | ||